000 00352nam a2200133Ia 4500
008 151001s9999||||xx |||||||||||||| ||und||
100 _aगणेश हिर्लेकर
245 _aरक्तिमा
250 _a1
260 _bशेट्ये ललित वैभव
260 _c1981
300 _a86
365 _b18
999 _c982055
_d982052